| 000 | 00570nam a22002057a 4500 | ||
|---|---|---|---|
| 008 | 151012b xxu||||| |||| 00| 0 eng d | ||
| 020 | _a0072283637 | ||
| 041 | 0 | _aeng | |
| 080 | _a004 | ||
| 100 | 1 | _aSilberschatz, Abraham. | |
| 245 | 1 | 0 |
_aDatabase system concepts / _cAbraham Silberschatz, Henry F. Korth, S. Sudarshan. |
| 250 | _a4th ed. | ||
| 260 |
_aBoston : _bMcGraw-Hill, _c2002. |
||
| 300 |
_axxiv, 1064 f. ; _c24 cm. |
||
| 650 | 0 | _aMenaxhimi | |
| 650 | 0 | _aBaza të të dhënave | |
| 700 | 1 | _aKorth, Henry F. | |
| 700 | 1 | _aSudarshan, S. | |
| 942 |
_2udc _cBK |
||
| 999 |
_c1249 _d1249 |
||